000 00416ntaaa2200169 4500
003 01
005 20251027202337.0
008 0714s1973 ag 01
040 _aAR-BaBN
_bspa
_cAR-BaBN
_eaacr
_dRIC
082 _a296.0092 L62
100 _aLiebermann, José
_922065
245 _aLos Judíos en la Argentina
250 _a1 ed.
260 _aBuenos Aires :
_bEditorial Libre,
_c1966
300 _a275 p
942 _cBK
999 _c18294
_d18294